| 000 | 00400nam a2200109Ia 4500 | ||
|---|---|---|---|
| 008 | 230907s9999||||xx |||||||||||||| ||und|| | ||
| 082 |
_a697.93 _bAIR |
||
| 245 | 0 | _aAir-conditioning system design manual / | |
| 260 |
_aButterworth-Heinemann, _bAtlanta, GA : | American Society of Heating, Refrigerating and Air-Conditioning Engineers ; | Burlington, MA : _c2007 |
||
| 300 | _axii, 404 p. : | ||
| 942 | _cBK | ||
| 999 |
_c599481 _d599481 |
||